000 00829 a2200217 4500
001 54307
005 20260407155814.0
008 260407a1990 arg spa d
003 AR-UNSa-BCEJYS
040 _aAR-UNSa-BCEJYS
_bspa
_cAR-UNSa-BCEJYS
080 _a336.76
_xBolsa. Mercado del dinero. Mercado del capital
245 1 0 _aComo invertir en Bonex
020 _a950-718-021-4
264 1 _aBuenos Aires :
_bTesis
_c1990
300 _a136 p.
_c20cm.
505 _a1. Conocimenmtos básicos.Normas - 2. Transacciones en dólares y australes.Bonex 1989,sus ventajas - 3. Rendimiento de los bonex - 4. Criterios básicos de decisión - 5. Aplicaciones prácticas - 6. Diseñe su autojubilación
942 _cBK
590 _aniveau_biblio:m niveau_hierar:0
100 1 _aRivas, Aníbal R.
700 1 _aBartolome, Gerardo M.
999 _c5476
_d5476